El dominio lexico adquirido en el proceso de comprension lectora de textos en formato hipertextual y multimedial (Registro nro. 276401)

Detalles MARC
001 - NÚMERO DE CONTROL
campo de control 800801
005 - FECHA Y HORA DE LA ÚLTIMA TRANSACCIÓN
campo de control 20241025091236.0
008 - DATOS DE LONGITUD FIJA--INFORMACIÓN GENERAL
campo de control de longitud fija 030318e20020801 spa
035 ## - NÚMERO DE CONTROL DEL SISTEMA
Número de control de sistema 800801
035 ## - NÚMERO DE CONTROL DEL SISTEMA
Número de control de sistema (OCoLC)820013627
040 ## - FUENTE DE LA CATALOGACIÓN
Centro/agencia transcriptor comduadb
041 ## - CÓDIGO DE LENGUA
Código de lengua del texto/banda sonora o título independiente spa
100 10 - ENTRADA PRINCIPAL--NOMBRE DE PERSONA
Nombre de persona Hernandez Cardona, Myriam del Pilar
Código de función aut
Término indicativo de función/relación Autor/a
9 (RLIN) 308540
245 13 - MENCIÓN DE TÍTULO
Título El dominio lexico adquirido en el proceso de comprension lectora de textos en formato hipertextual y multimedial
520 3# - SUMARIO, ETC.
Sumario, etc. Se analizan los posibles efectos de los textos en formato hipertextual y multimedial en la adquisición de dominio léxico
650 #7 - PUNTO DE ACCESO ADICIONAL DE MATERIA--TÉRMINO DE MATERIA
Término de materia o nombre geográfico como elemento de entrada Lectura
Subdivisión general Enseñanza
Fuente del encabezamiento o término lemb
9 (RLIN) 1291
650 ## - PUNTO DE ACCESO ADICIONAL DE MATERIA--TÉRMINO DE MATERIA
Término de materia o nombre geográfico como elemento de entrada Léxico
9 (RLIN) 87337
650 ## - PUNTO DE ACCESO ADICIONAL DE MATERIA--TÉRMINO DE MATERIA
Término de materia o nombre geográfico como elemento de entrada Textos hipertextuales
9 (RLIN) 110395
650 ## - PUNTO DE ACCESO ADICIONAL DE MATERIA--TÉRMINO DE MATERIA
Término de materia o nombre geográfico como elemento de entrada Textos hipermediales
9 (RLIN) 110394
650 #7 - PUNTO DE ACCESO ADICIONAL DE MATERIA--TÉRMINO DE MATERIA
Término de materia o nombre geográfico como elemento de entrada Comprensión de lectura
Fuente del encabezamiento o término lemb
9 (RLIN) 35356
650 ## - PUNTO DE ACCESO ADICIONAL DE MATERIA--TÉRMINO DE MATERIA
Término de materia o nombre geográfico como elemento de entrada Texto impreso
9 (RLIN) 106486
650 #7 - PUNTO DE ACCESO ADICIONAL DE MATERIA--TÉRMINO DE MATERIA
Término de materia o nombre geográfico como elemento de entrada Cognición
Fuente del encabezamiento o término lemb
9 (RLIN) 8995
773 0# - ENLACE AL DOCUMENTO FUENTE/ENTRADA DE REGISTRO ANFITRIÓN
Título Revista Educación y Pedagogía (Medellín)
Parte(s) relacionada(s) Volumen 14, Número 33, Mayo-Agosto 2002: Pedagogía, Informática y Nuevas Tecnologías, p. 282-290
Número de control del registro 124093
Número Internacional Normalizado para Publicaciones Seriadas 0121-7593
Número bibliográfico anfitrión 66594
942 ## - ELEMENTOS DE ENTRADA AGREGADA (KOHA)
Tipo de ítem Koha Artículo de Revista

No hay ítems disponibles.